000 00644nam a22001937a 4500
999 _c7827
_d7827
005 20251125232816.0
008 s2527 th tha d
040 _aNALT
041 _atha
050 _aJA69 จ4ห4 2527
100 0 _aจรูญ สุภาพ
245 1 0 _aหลักรัฐศาสตร์ ฉบับพื้นฐาน [3rd]
260 3 _aกรุงเทพฯ :
_bไทยวัฒนาพานิช,
_c2527
300 _a448 หน้า ;
_b 25 ซม.
650 0 4 _aรัฐศาสตร์
850 _aNALT
856 4 0 _uhttps://hdl.handle.net/20.500.14156/336900
_71
942 _cGB
_2lcc